Bibliografía sobre educación en Panamá 1930-1940.

Tallennettuna:
Bibliografiset tiedot
Päätekijä: lvarez Lora, Leonardo (autor)
Aineistotyyppi: Kirja
Kieli:espanja
Aiheet:
Tagit: Lisää tagi
Ei tageja, Lisää ensimmäinen tagi!

MARC

LEADER 00000cam^a2200000uu^4500
001 000468961
005 20250521000000.0
008 050901s1988^^^^^^^^^^^^rb^r^^000^0^spa^d
009 20260310124524.758
035 |a FCE 000011707 
035 |a FCE 007885 
037 |a Acervo ITESO - Biblioteca 
041 |a spa 
082 0 4 |a 016.370  |b ICAb PAN 
100 |a lvarez Lora, Leonardo  |e (autor) 
245 1 0 |a Bibliografía sobre educación en Panamá 1930-1940. 
264 |a Panamá :  |b ICASE,  |c 1988. 
300 |a 74 p. 
336 |a texto  |b txt  |2 rdacontenido 
337 |a sin mediación  |b n  |2 rdamedio 
338 |a volumen  |b nc  |2 rdasoporte 
610 |a Red Latinoamericana de Información y Documentación en Educación 
649 |a XX 
650 |a Bibliografía 
650 |a Información sobre educación 
650 |a Panamá 
910 |a Fondo Centro de Estudios Educativos 
920 |a Impresos - Libros 
930 |a Fondos Especiales 
905 |a 133 
901 |a ALE007885  |b IT2  |c CEE  |u 20250521 
902 |a https://opac.biblio.iteso.mx/vufind/Record/000468961